00410nam a2200145 a 450000500170000000800410001702000150005805000260007310000210009924500400012026000360016030000210019644000270021765000200024420140310183230.0040310s19uu xx 00 eng d a0812551494 aPS 3557b.G652Sf 2000 aGoodkind, Terry. aSoul of the fire /cTerry Goodkind. aNew York :bTom Doherty,c1999. a792 p. :c17 cm. aA sword of truth novel aFantasy Fiction